[Event "YUG-chT2"]
[Site "Yugoslavia"]
[Date "1994.??.??"]
[Round "4"]
[White "Skoko, Mirko"]
[Black "Nikolic, Goran"]
[Result "0-1"]
[WhiteElo "2250"]
[BlackElo "2355"]
[PlyCount "126"]
[EventDate "1994.??.??"]
[EventType "team"]
[EventRounds "11"]
[EventCountry "YUG"]
[SourceTitle "EXT 1997"]
[Source "ChessBase"]
[SourceDate "1996.11.15"]
[SourceVersion "1"]
[SourceVersionDate "1996.11.15"]
[SourceQuality "1"]

1. e4 e5 2. Nf3 Nc6 3. d4 exd4 4. Nxd4 d6 5. Nc3 g6 6. Be3 Bg7 7. Qd2 Nge7 8. Be2 0-0 9. 0-0 Kh8 10. Nxc6 bxc6 11. Bd4 f6 12. Nd1 c5 13. Bc3 Bb7 14. f3 Nc6 15. Rb1 Qe7 16. Nf2 f5 17. exf5 gxf5 18. Rfe1 Qf7 19. f4 Nd4 20. Bxd4 Bxd4 21. c3 Qg6 22. g3 Bf6 23. Qd3 Rg8 24. Bf3 Bxf3 25. Qxf3 Qf7 26. b3 a5 27. Qd3 Bg7 28. Re2 Rge8 29. Rbe1 Rxe2 30. Rxe2 a4 31. bxa4 Rxa4 32. Qb5 Ra8 33. c4 Bd4 34. Kg2 h5 35. Nh3 Bf6 36. Qc6 Rg8 37. Qd5 Qxd5+ 38. cxd5 Ra8 39. Ng5 Bxg5 40. fxg5 Ra4 41. Re7 Rxa2+ 42. Kh3 Rf2 43. g6 f4 44. Kh4 fxg3 45. Kg5 g2 46. Kh6 Kg8 47. Re8+ Rf8 48. Re1 h4 49. h3 c4 50. Re7 Rc8 51. Rg7+ Kf8 52. Rf7+ Ke8 53. Kg7 c5 54. Rf8+ Kd7 55. Rf7+ Kd8 56. Kh8 g1Q 57. g7 Rc7 58. Rf8+ Kd7 59. Kh7 Qb1+ 60. Kh6 Qc1+ 61. Kh7 Qc2+ 62. Kh8 Qg6 63. g8Q Qxg8+ 0-1

[Event "YUG-chT2"]
[Site "Yugoslavia"]
[Date "1994.??.??"]
[Round "8"]
[White "Zivkovic, Milan"]
[Black "Skoko, Mirko"]
[Result "1-0"]
[WhiteElo "2315"]
[BlackElo "2250"]
[PlyCount "143"]
[EventDate "1994.??.??"]
[EventType "team"]
[EventRounds "11"]
[EventCountry "YUG"]
[SourceTitle "EXT 1997"]
[Source "ChessBase"]
[SourceDate "1996.11.15"]
[SourceVersion "1"]
[SourceVersionDate "1996.11.15"]
[SourceQuality "1"]

1. e4 c5 2. Nf3 Nc6 3. Bb5 g6 4. Bxc6 dxc6 5. 0-0 Bg7 6. d3 e5 7. Be3 b6 8. Nbd2 f6 9. a4 a5 10. Nc4 Ra6 11. Qc1 Ne7 12. Bh6 0-0 13. Bxg7 Kxg7 14. Qe3 Be6 15. b3 g5 16. c3 Ra7 17. Rfd1 Rd7 18. Rd2 Ng6 19. g3 h5 20. Rb1 h4 21. Rbb2 hxg3 22. fxg3 b5 23. Na3 b4 24. cxb4 cxb4 25. Nc4 g4 26. Ne1 Bxc4 27. dxc4 Rd4 28. Rf2 Qc8 29. Rbd2 Rfd8 30. Nc2 c5 31. Nxd4 exd4 32. Qe2 Ne5 33. Rf5 Rh8 34. Qd1 Rh6 35. Rdf2 Qe6 36. R2f4 Rg6 37. Qf1 Qd6 38. h4 gxh3 39. Qxh3 d3 40. Rh5 d2 41. Rh7+ Kg8 42. Rh8+ Kf7 43. Rh7+ Rg7 44. Qh5+ Ng6 45. Rf1 Qxg3+ 46. Kh1 Kg8 47. Rxg7+ Kxg7 48. Rg1 d1Q 49. Rxd1 Qc7 50. Rg1 Qf7 51. Qxc5 Qe8 52. Qf5 Qh8+ 53. Kg2 Kf7 54. Qd7+ Ne7 55. Qh3 Qd8 56. Qh5+ Ke6 57. Rd1 Qg8+ 58. Kf2 Qb8 59. c5 Qf4+ 60. Qf3 Qh2+ 61. Kf1 Qe5 62. Qf2 Kf7 63. Qd4 Qh2 64. Qc4+ Kg7 65. c6 Ng6 66. c7 Qh1+ 67. Ke2 Qh2+ 68. Ke1 Ne5 69. Rd7+ Kh6 70. c8Q Qg3+ 71. Kd1 Nxc4 72. Qh8+ 1-0

[Event "Belgrade op"]
[Site "Belgrade"]
[Date "1991.??.??"]
[Round "?"]
[White "Djoric, Dusan"]
[Black "Skoko, Mirko"]
[Result "1-0"]
[WhiteElo "2350"]
[BlackElo "2250"]
[PlyCount "60"]
[EventDate "1991.??.??"]
[EventType "swiss"]
[EventRounds "11"]
[EventCountry "YUG"]
[SourceTitle "EXT 1997"]
[Source "ChessBase"]
[SourceDate "1996.11.15"]
[SourceVersion "1"]
[SourceVersionDate "1996.11.15"]
[SourceQuality "1"]

1. e4 c5 2. Nf3 Nc6 3. d4 cxd4 4. Nxd4 Nf6 5. Nc3 e5 6. Nf5 d5 7. exd5 Bxf5 8. dxc6 bxc6 9. Bd3 Bxd3 10. cxd3 Be7 11. 0-0 0-0 12. b3 Bc5 13. Bg5 Be7 14. Qf3 h6 15. Bh4 Qd4 16. Bxf6 Bxf6 17. Ne4 Be7 18. Rac1 f5 19. Ng3 f4 20. Ne4 Qb2 21. Qg4 Qxa2 22. Qe6+ Rf7 23. Rxc6 Raf8 24. Rc7 Qa3 25. Rb7 Kh7 26. h3 f3 27. Qxe5 fxg2 28. Ra1 Rxf2 29. Nxf2 Qc5 30. Qxc5 Bxc5 1-0